1320 1473 1794 1486 1328 1575 1272 1699 1301 1497 1301 1334 1633 1335 1720 1254 1827 1275 1528 1328 1360 1309 1601 1660 1813 1829 1687 1176 1453 1457 1815 1213 1438 1261 1250 1823 1493 1243 1139 1998 1060 1066 1989 1066 1754 1614 1234 1209 1315 1639 1061 1174 1594 1649 1321 1685 1472 1127 1994 1902 1718 1316 1341 1624 1998 1220 1726 1613 1813 1052 1909 1515 1489 1840 1837 1230 1255 1506 1072 1253 1393 1128 1870 1438 1003 1817 1227 1291 1974 1198 1873 1364 1976 1725 1000 1118 1452 1512 1989 BCNSPRNW ULIB Ver.6.0+V

เปลี่ยนเป็นภาษาไทย

Change to English
 แสดงรายละเอียดบรรณานุกรม
  กลับหน้าหลัก

Brief Record : Get Marc (ISO 2709) : E-mail record : QR code < ปิดหน้าต่าง
LEADER : 00000nam 2200000uu 4500
001    13399127446
003     ULIB
008    200525s||||||||th 000 0 tha d
020    ^a9781506250274
060    ^aQS4^bM479A
100    ^aMcCann Stephanie , Wise Eric (Author)
245    ^aAnatomy Coloring Book
250    ^a7th ed
260    ^aNew York :^bKaplan Medical,^c2019
300    ^a336 pages;^b30 cm
650    ^aAnatomy
945    ^p0^l0^i28326
945    ^p0^l0^i28327
999    ^aกัณชพร จุลอักษร
รายการนี้ยังไม่มีแท็ก
คุณยังไม่ได้ล็อกอิน คุณสามารถมีกิจกรรมร่วมกับเว็บไซต์ได้ แต่ต้องล็อกอินก่อน ::
  ล็อกอิน

รายการสื่อสารสนเทศ

ลำดับที่ ประเภท เลขเรียก/บาร์โค้ด สถานที่ สถานะ
1. หนังสือสำรอง
หนังสือสำรอง
QS4 M479A ฉ.1 
  Barcode: 28326
ห้องสมุดวิทยาเขตนครสวรรค์
►หนังสือทั่วไป:l:General Books
บนชั้น
2. วิทยาศาสตร์การแพทย์ และสุขภาพ
วิทยาศาสตร์การแพทย์ และสุขภาพ
QS4 M479A ฉ.2 
  Barcode: 28327
ห้องสมุดวิทยาเขตนครสวรรค์
►หนังสือทั่วไป:l:General Books
บนชั้น

รายการใกล้เคียง
    ชื่อเรื่อง [Anatomy Coloring Book]

    หัวเรื่อง [Anatomy]

BibComment


ยังไม่เคยถูกคอมเมนท์

คอมเมนท์ทรัพยากรรายการนี้
  คอมเมนท์: Anatomy Coloring..


 Copyright 2026. Bcnsprnw @Library